01013nam a2200265 a 45000010008000000030004000080050017000120080041000290100017000700200015000870400013001020420010001150430012001250820030001371000026001672450145001932600091003383000041004295040064004706000042005346500035005766500038006116500050006496510048006994504427OSt20230602094226.0980430s1997 ke ab b 001 0beng  a 97950453  a996696150X aDLCcDLC alcode af-ke---00a967.62/03/092aB221bPAT1 aPatel, Zarina,d1935-10aChallenge to colonialism :bthe struggle of Alibhai Mulla Jeevanjee for equal rights in Kenya /cZarina Patel ; foreword by Kivutha Kibwana. a[Nairobi :bs.n.] ;aNairobi :bPublishers Distribution Services [distributor],c1997. axxii, 283 p. :bill., maps ;c25 cm. aIncludes bibliographical references (p. 242-246) and index.10aJeevanjee, Alibhai Mulla,d1856-1936. 0aPoliticianszKenyaxBiography. 0aBusinesspeoplezKenyaxBiography. 0aEast IndianszKenyaxPolitics and government. 0aKenyaxEthnic relationsxPolitical aspects.